[Event "DVM U12 2019"]
[Site "Magdeburg GER"]
[Date "2019.12.29"]
[Round "6"]
[White "Kiefhaber, Tobias"]
[Black "Krömer, Emanuel"]
[Result "1-0"]
[Termination "normal"]
[Board "6.2"]
[WhiteElo "1483"]
[BlackElo "1459"]
[WhiteTeam "Karlsruher SF 1853"]
[BlackTeam "SSV Vimaria 91 Weimar"]
[PlyCount "73"]
[WhiteFideId "16240693"]
[BlackFideId "16287070"]
[EventCountry "GER"]
[EventRounds "7"]
[EventType "team-swiss"]
[EventDate "2019.12.26"]

1. d4 d5 2. Bf4 e6 3. e3 f5 4. Nf3 Nf6 5. Nbd2 Bd6 6. Ne5 O-O 7. Ndf3 b6 8. Bd3
Nbd7 9. Rg1 c5 10. c3 Qc7 11. h3 Ne4 12. g4 cxd4 13. cxd4 Bb4+ 14. Kf1 Bd6 15.
g5 b5 16. h4 a5 17. h5 Ba6 18. h6 g6 19. Rc1 Qb7 20. Bxe4 fxe4 21. Nxg6 hxg6
22. Bxd6 Rxf3 23. Rc7 b4+ 24. Kg2 Qb5 25. h7+ Kxh7 26. Rh1+ Kg8 27. Rh6 Kf7 28.
Qh1 Rxf2+ 29. Kxf2 Qe2+ 30. Kg3 Qxe3+ 31. Kh2 Qxd4 32. Rxd7+ Kg8 33. Rhh7 e3
34. Qf3 Qd2+ 35. Kh3 Bf1+ 36. Qxf1 Qxb2 37. Qf7# 1-0

[Event "DVM U12 2019"]
[Site "Magdeburg GER"]
[Date "2019.12.29"]
[Round "6"]
[White "Bock, Leonas"]
[Black "Liu, Leon"]
[Result "0-1"]
[Termination "normal"]
[Board "6.3"]
[WhiteElo "1226"]
[BlackElo "1344"]
[WhiteTeam "SSV Vimaria 91 Weimar"]
[BlackTeam "Karlsruher SF 1853"]
[PlyCount "60"]
[WhiteFideId "16287118"]
[BlackFideId "16275047"]
[EventCountry "GER"]
[EventRounds "7"]
[EventType "team-swiss"]
[EventDate "2019.12.26"]

1. d4 d5 2. Nf3 Nc6 3. c4 e6 4. e3 Nf6 5. Nc3 Be7 6. Bd3 b6 7. O-O O-O 8. b3 a6
9. Bb2 Nb4 10. Be2 Ne4 11. Ne5 f6 12. Nf3 Bd6 13. a3 Nc6 14. Bd3 f5 15. Qc2 Ne7
16. Ne5 Bxe5 17. dxe5 c5 18. Rad1 Nc6 19. Nxe4 fxe4 20. Bxe4 Qh4 21. cxd5 Nd8
22. dxe6 Bb7 23. Bxb7 Nxb7 24. f4 Rfe8 25. Rf3 g6 26. Qc4 Na5 27. e7+ Nxc4 28.
bxc4 Qxe7 29. h3 Rad8 30. Rc1 Rd2 0-1

[Event "DVM U12 2019"]
[Site "Magdeburg GER"]
[Date "2019.12.29"]
[Round "6"]
[White "Kossert, Simon"]
[Black "Stadelmann, Constantin"]
[Result "0-1"]
[Termination "normal"]
[Board "6.4"]
[WhiteElo "1343"]
[BlackElo "1295"]
[WhiteTeam "Karlsruher SF 1853"]
[BlackTeam "SSV Vimaria 91 Weimar"]
[PlyCount "42"]
[WhiteFideId "16283287"]
[BlackFideId "16297970"]
[EventCountry "GER"]
[EventRounds "7"]
[EventType "team-swiss"]
[EventDate "2019.12.26"]

1. e4 d5 2. exd5 Qxd5 3. Nc3 Qa5 4. d4 Nf6 5. Nf3 c6 6. Bc4 Bf5 7. O-O Nbd7 8.
Re1 e6 9. Bd2 O-O-O 10. Nd5 Qa4 11. Nc3 Qxc4 12. Be3 Bb4 13. Nd2 Qa6 14. Nb3
Ne4 15. Nxe4 Bxe1 16. Nbc5 Nxc5 17. Nxc5 Qa5 18. c3 Bxc3 19. bxc3 Qxc3 20. Rc1
Qb4 21. Rb1 Bxb1 0-1

[Event "DVM U12 2019"]
[Site "Magdeburg GER"]
[Date "2019.12.29"]
[Round "6"]
[White "Kliffken, Julian"]
[Black "Gold, Jan Christian"]
[Result "0-1"]
[Termination "normal"]
[Board "7.1"]
[WhiteElo "1476"]
[BlackElo "1527"]
[WhiteTeam "Schachgemeinschaft Porz e. V."]
[BlackTeam "SK Bad Homburg 1927"]
[PlyCount "98"]
[WhiteFideId "16298071"]
[BlackFideId "16298128"]
[EventCountry "GER"]
[EventRounds "7"]
[EventType "team-swiss"]
[EventDate "2019.12.26"]

1. d4 e6 2. e4 d5 3. exd5 exd5 4. Nc3 Bb4 5. Bd2 Nf6 6. Nf3 O-O 7. Be2 Bg4 8.
O-O Nc6 9. a3 Bd6 10. Be3 Ne7 11. Ne5 Bxe2 12. Nxe2 h6 13. f4 Nf5 14. Qd3 Nxe3
15. Qxe3 Re8 16. Qf3 Ne4 17. Rad1 Qe7 18. Ng3 Nxg3 19. Qxg3 Rac8 20. Rde1 Qf6
21. c3 Re7 22. h3 Qf5 23. Qf2 c5 24. g4 Qf6 25. Qg2 Bxe5 26. dxe5 Qh4 27. Kh2
Rd7 28. Re2 d4 29. cxd4 cxd4 30. Rc2 Rxc2 31. Qxc2 d3 32. Qd2 h5 33. g5 a5 34.
Qe1 Qxe1 35. Rxe1 Rc7 36. Rd1 Rc2+ 37. Kg3 d2 38. Kg2 Rxb2 39. h4 Kh7 40. Kf2
Ra2 41. Kg2 Kg6 42. Kf2 Kf5 43. Ke2 Rxa3 44. Kxd2 Kxf4 45. Rf1+ Rf3 46. Re1 Kg4
47. e6 fxe6 48. Rxe6 Kxh4 49. Rg6 Rf7 0-1

[Event "DVM U12 2019"]
[Site "Magdeburg GER"]
[Date "2019.12.29"]
[Round "6"]
[White "Negru, Maximilian"]
[Black "Marcziter, Alex"]
[Result "0-1"]
[Termination "normal"]
[Board "7.2"]
[WhiteElo "1267"]
[BlackElo "1335"]
[WhiteTeam "SK Bad Homburg 1927"]
[BlackTeam "Schachgemeinschaft Porz e. V."]
[PlyCount "74"]
[WhiteFideId "16298136"]
[BlackFideId "16258126"]
[EventCountry "GER"]
[EventRounds "7"]
[EventType "team-swiss"]
[EventDate "2019.12.26"]

1. e4 e5 2. Nf3 Nc6 3. Bc4 Nf6 4. Nc3 Nxe4 5. Nxe4 d5 6. Bxd5 Qxd5 7. Nc3 Qd8
8. O-O Bd6 9. d4 exd4 10. Re1+ Be6 11. Nb5 Bc5 12. Bf4 Bb6 13. Re4 O-O 14.
Nfxd4 Nxd4 15. Nxd4 Bd5 16. Re1 Re8 17. Nb5 Rxe1+ 18. Qxe1 a6 19. Nc3 Be6 20.
Rd1 Qe8 21. a3 Rd8 22. Ne4 h6 23. Bxh6 Bf5 24. Rxd8 Qxd8 25. g4 Bxe4 26. Qxe4
gxh6 27. Qxb7 Qd1+ 28. Kg2 Qxg4+ 29. Kh1 Bxf2 30. Qg2 Qxg2+ 31. Kxg2 Bd4 32. b3
Kg7 33. h3 Kg6 34. Kg3 Kg5 35. c4 Kf5 36. Kf3 Ke5 37. a4 a5 0-1

[Event "DVM U12 2019"]
[Site "Magdeburg GER"]
[Date "2019.12.29"]
[Round "6"]
[White "Bröcker, David"]
[Black "Mandalka, Justus"]
[Result "0-1"]
[Termination "normal"]
[Board "7.3"]
[WhiteElo "1168"]
[BlackElo "1220"]
[WhiteTeam "Schachgemeinschaft Porz e. V."]
[BlackTeam "SK Bad Homburg 1927"]
[PlyCount "78"]
[WhiteFideId "16298098"]
[BlackFideId "16298144"]
[EventCountry "GER"]
[EventRounds "7"]
[EventType "team-swiss"]
[EventDate "2019.12.26"]

1. e4 c5 2. d4 cxd4 3. c3 e6 4. Nf3 Nc6 5. cxd4 Nf6 6. e5 Nd5 7. a3 Be7 8. Bd2
d6 9. exd6 Qxd6 10. Nc3 O-O 11. Bd3 Nf4 12. Bxf4 Qxf4 13. Bc2 Rd8 14. Ne2 Qf6
15. Qd3 g6 16. O-O Bc5 17. Rad1 Bb6 18. Qc3 Qg7 19. b4 a6 20. Rd2 Bd7 21. Bb3
Rac8 22. Qb2 Ne7 23. Rfd1 Bb5 24. Nc3 Bc6 25. Qc2 Qf6 26. d5 exd5 27. Bxd5 Bxd5
28. Nxd5 Nxd5 29. Qb3 Nf4 30. g3 Rxd2 31. Nxd2 Nh3+ 32. Kg2 Nxf2 33. Rf1 Qc6+
34. Kg1 Nd3+ 35. Rf2 Bxf2+ 36. Kf1 Qc1+ 37. Ke2 Rc3 38. Qa4 Qe1+ 39. Kf3 Nc5+
0-1

[Event "DVM U12 2019"]
[Site "Magdeburg GER"]
[Date "2019.12.29"]
[Round "6"]
[White "Radutny, Alexej"]
[Black "Harke, Fabian"]
[Result "1-0"]
[Termination "normal"]
[Board "7.4"]
[WhiteElo "1045"]
[BlackElo "795"]
[WhiteTeam "SK Bad Homburg 1927"]
[BlackTeam "Schachgemeinschaft Porz e. V."]
[PlyCount "63"]
[WhiteFideId "16298152"]
[BlackFideId "16298101"]
[EventCountry "GER"]
[EventRounds "7"]
[EventType "team-swiss"]
[EventDate "2019.12.26"]

1. d4 d5 2. c4 dxc4 3. Nc3 Nf6 4. Bg5 Nc6 5. e3 Bf5 6. Bxc4 e5 7. Bb5 Qd6 8.
dxe5 Qxe5 9. Nf3 Qxb5 10. Nxb5 Bb4+ 11. Nc3 Ne4 12. Rc1 O-O 13. a3 Ba5 14. b4
Bb6 15. O-O Bg4 16. Nxe4 f6 17. h3 Bxf3 18. Qxf3 fxg5 19. Qe2 h6 20. Qa2+ Kh8
21. Qb2 Rae8 22. Ng3 Ne5 23. Rfd1 Kh7 24. a4 a6 25. a5 Ba7 26. Qc2+ Ng6 27.
Qxc7 Re7 28. Rd7 Rff7 29. Rxe7 Nxe7 30. Qxb7 Bxe3 31. fxe3 Kg8 32. Qxa6 1-0

[Event "DVM U12 2019"]
[Site "Magdeburg GER"]
[Date "2019.12.29"]
[Round "6"]
[White "Schwartz, Oliver"]
[Black "Robelly, David"]
[Result "1-0"]
[Termination "normal"]
[Board "8.1"]
[WhiteElo "1716"]
[BlackElo "1289"]
[WhiteTeam "SC Ostfildern 1952 e.V."]
[BlackTeam "SC Wolfratshausen 1948 e.V."]
[PlyCount "37"]
[WhiteFideId "16207459"]
[BlackFideId "16236300"]
[EventCountry "GER"]
[EventRounds "7"]
[EventType "team-swiss"]
[EventDate "2019.12.26"]

1. e4 d6 2. d4 Nf6 3. Nc3 c6 4. a4 d5 5. e5 Ng8 6. Nf3 Bg4 7. h3 Bh5 8. g4 Bg6
9. e6 fxe6 10. Ne5 Nd7 11. Nxg6 hxg6 12. Bd3 Nb6 13. Bxg6+ Kd7 14. Qe2 Qc7 15.
Bf7 Qd6 16. a5 Nc8 17. Na4 Nf6 18. Nc5+ Kd8 19. Nxb7+ 1-0

[Event "DVM U12 2019"]
[Site "Magdeburg GER"]
[Date "2019.12.29"]
[Round "6"]
[White "Pichl, Christoph"]
[Black "Chugunov, Ivan"]
[Result "0-1"]
[Termination "normal"]
[Board "8.2"]
[WhiteElo "1565"]
[BlackElo "1383"]
[WhiteTeam "SC Wolfratshausen 1948 e.V."]
[BlackTeam "SC Ostfildern 1952 e.V."]
[PlyCount "80"]
[WhiteFideId "16249739"]
[BlackFideId "16256808"]
[EventCountry "GER"]
[EventRounds "7"]
[EventType "team-swiss"]
[EventDate "2019.12.26"]

1. d4 Nf6 2. Bf4 g6 3. e3 Bg7 4. Bd3 O-O 5. h3 d6 6. Nf3 c5 7. c3 b6 8. Nbd2
Bb7 9. O-O Nbd7 10. Qe2 a6 11. Rfe1 Ra7 12. a4 Qa8 13. e4 Re8 14. Bh2 cxd4 15.
cxd4 e5 16. d5 Nc5 17. Bc2 a5 18. Nb3 Nfd7 19. Nfd2 Bh6 20. Nxc5 Nxc5 21. Nb3
Ba6 22. Qd1 Rc7 23. Nxc5 Rxc5 24. Bd3 Rec8 25. Qb3 Qa7 26. Rad1 Bxd3 27. Qxd3
Rc4 28. b3 Rc3 29. Qb1 Qa6 30. b4 R8c4 31. bxa5 Qxa5 32. Qb5 Qxb5 33. axb5 Rb3
34. Rb1 Rxb1 35. Rxb1 Rxe4 36. Ra1 Rb4 37. Re1 Rxb5 38. Bxe5 dxe5 39. Rxe5 Rb1+
40. Kh2 Bf4+ 0-1

[Event "DVM U12 2019"]
[Site "Magdeburg GER"]
[Date "2019.12.29"]
[Round "6"]
[White "Walter, Romeo"]
[Black "Neuwirth, Mark"]
[Result "0-1"]
[Termination "normal"]
[Board "8.3"]
[WhiteElo "1501"]
[BlackElo "1314"]
[WhiteTeam "SC Ostfildern 1952 e.V."]
[BlackTeam "SC Wolfratshausen 1948 e.V."]
[PlyCount "138"]
[WhiteFideId "16275055"]
[BlackFideId "16244958"]
[EventCountry "GER"]
[EventRounds "7"]
[EventType "team-swiss"]
[EventDate "2019.12.26"]

1. d4 Nf6 2. c4 e6 3. Nc3 Bb4 4. e3 Bxc3+ 5. bxc3 b6 6. Nf3 Bb7 7. Bd3 d6 8.
O-O Nbd7 9. Re1 O-O 10. Rb1 c5 11. Ba3 Qc7 12. e4 Rfe8 13. Nd2 Rad8 14. d5 e5
15. Nf1 Nf8 16. Bc1 h6 17. Ng3 Bc8 18. f3 g5 19. Kf2 Ng6 20. Be3 Kh7 21. Nf1
Rg8 22. g4 Rg7 23. Ng3 Rdg8 24. Qd2 Nf4 25. Nf5 Bxf5 26. exf5 h5 27. Bxf4 gxf4
28. h3 Kh8 29. Rh1 Rh7 30. Qc2 hxg4 31. hxg4 Rgg7 32. Rbg1 Kg8 33. Qa4 Rxh1 34.
Rxh1 Rh7 35. Rxh7 Kxh7 36. Ke2 Kh6 37. Qd1 Kg5 38. Qh1 Qc8 39. Bc2 Qg8 40. Ba4
Qh7 41. Qg2 Qh4 42. Kf1 Qg3 43. Qh1 e4 44. Bd1 e3 45. Qg2 Kh4 46. Qh1+ Qh3+ 47.
Qxh3+ Kxh3 48. Ke2 Kg2 49. Bc2 Nd7 50. Be4 f6 51. Ke1 Kg3 52. Kf1 Ne5 53. Ke2
Nxc4 54. g5 fxg5 55. f6 Ne5 56. Bf5 a5 57. Be6 Ng6 58. f7 b5 59. Bf5 Nf8 60.
Bd3 b4 61. c4 g4 62. Be4 a4 63. fxg4 Kxg4 64. Bf3+ Kg3 65. Be4 b3 66. a3 b2 67.
Bf5 f3+ 68. Kf1 f2 69. Ke2 Kg2 0-1

[Event "DVM U12 2019"]
[Site "Magdeburg GER"]
[Date "2019.12.29"]
[Round "6"]
[White "Schreck, Leo"]
[Black "Kasperovich, Christian"]
[Result "1-0"]
[Termination "normal"]
[Board "8.4"]
[WhiteElo "1190"]
[BlackElo "786"]
[WhiteTeam "SC Wolfratshausen 1948 e.V."]
[BlackTeam "SC Ostfildern 1952 e.V."]
[PlyCount "121"]
[WhiteFideId "16279468"]
[BlackFideId "16298012"]
[EventCountry "GER"]
[EventRounds "7"]
[EventType "team-swiss"]
[EventDate "2019.12.26"]

1. e4 e5 2. Nf3 Nc6 3. Bc4 Bc5 4. Nc3 Nf6 5. d3 h6 6. h3 d6 7. O-O O-O 8. Nd5
Nxd5 9. Bxd5 Nb4 10. Bb3 Qf6 11. Nd2 Qg6 12. Qf3 Nc6 13. c3 Be6 14. Re1 Bxb3
15. Nxb3 Bb6 16. Be3 Ne7 17. Bxb6 axb6 18. Qg3 Qxg3 19. fxg3 f5 20. Rf1 fxe4
21. dxe4 Rxf1+ 22. Kxf1 d5 23. Nd2 dxe4 24. Nxe4 Nf5 25. Kf2 Rf8 26. Ke2 Nd6
27. Nxd6 cxd6 28. Rd1 Rd8 29. Rd5 Rd7 30. b4 Rd8 31. c4 Ra8 32. Rxd6 Rxa2+ 33.
Kf3 Rc2 34. Rxb6 Rxc4 35. Rxb7 e4+ 36. Ke3 Kh7 37. b5 Kg6 38. b6 Kf5 39. g4+
Ke5 40. Re7+ Kd5 41. Rd7+ Ke5 42. Re7+ Kd5 43. b7 Rb4 44. b8=Q Rxb8 45. Rxe4
Rb3+ 46. Kf4 Rxh3 47. gxh3 Kd6 48. h4 Kd5 49. Re7 g6 50. Rg7 g5+ 51. hxg5 hxg5+
52. Rxg5+ Kd4 53. Re5 Kd3 54. g5 Kd2 55. g6 Kd3 56. g7 Kd2 57. g8=Q Kd3 58.
Qd8+ Kc3 59. Rc5+ Kb4 60. Qb6+ Ka3 61. Ra5# 1-0

[Event "DVM U12 2019"]
[Site "Magdeburg GER"]
[Date "2019.12.29"]
[Round "6"]
[White "Uhlmann, Tim"]
[Black "Pick, Max"]
[Result "0-1"]
[Termination "normal"]
[Board "9.1"]
[WhiteElo "1446"]
[BlackElo "1635"]
[WhiteTeam "SF Neureut 1953 e.V."]
[BlackTeam "Schachklub Kerpen 64 e. V."]
[PlyCount "94"]
[WhiteFideId "16239210"]
[BlackFideId "16210883"]
[EventCountry "GER"]
[EventRounds "7"]
[EventType "team-swiss"]
[EventDate "2019.12.26"]

1. e4 e6 2. d4 d5 3. exd5 exd5 4. Nf3 Bd6 5. c4 dxc4 6. Bxc4 Nf6 7. O-O O-O 8.
Nc3 Bg4 9. h3 Bh5 10. Bg5 h6 11. Bh4 g5 12. Bg3 Nc6 13. d5 Ne5 14. Bxe5 Bxe5
15. g4 Bxc3 16. bxc3 Bg6 17. Re1 Ne4 18. Ne5 Qf6 19. f3 Nxc3 20. Qb3 Ne4 21.
Nd7 Qd4+ 22. Qe3 Qxe3+ 23. Rxe3 Rfd8 24. fxe4 Rxd7 25. e5 Rad8 26. Rf1 a6 27.
e6 fxe6 28. dxe6 Re7 29. Ref3 b5 30. Bb3 c5 31. a4 c4 32. Ba2 Rxe6 33. Rf6 Rxf6
34. Rxf6 Kg7 35. Rxa6 Rd1+ 36. Kf2 Rd2+ 37. Ke3 Rxa2 38. axb5 Rxa6 39. bxa6 Be8
40. Kd4 Bc6 41. Kxc4 Kf6 42. Kd4 Ke6 43. Ke3 Ke5 44. a7 Ba8 45. h4 gxh4 46. Kf2
Kf4 47. Kg1 Kg3 0-1

[Event "DVM U12 2019"]
[Site "Magdeburg GER"]
[Date "2019.12.29"]
[Round "6"]
[White "Dasselaar, Hendrik"]
[Black "Hartl, Jan"]
[Result "1-0"]
[Termination "normal"]
[Board "9.3"]
[WhiteElo "1133"]
[BlackElo "1186"]
[WhiteTeam "SF Neureut 1953 e.V."]
[BlackTeam "Schachklub Kerpen 64 e. V."]
[PlyCount "123"]
[WhiteFideId "16259297"]
[BlackFideId "16258460"]
[EventCountry "GER"]
[EventRounds "7"]
[EventType "team-swiss"]
[EventDate "2019.12.26"]

1. d4 d5 2. Nf3 Nf6 3. e3 e6 4. c4 c6 5. Bd2 Be7 6. Nc3 Qc7 7. c5 O-O 8. Bd3
Nbd7 9. O-O e5 10. Bf5 exd4 11. exd4 b6 12. Re1 Nxc5 13. Bxc8 Nd3 14. Re2 Raxc8
15. Qb3 Rfe8 16. Nxd5 cxd5 17. Qxd3 Qc4 18. Qxc4 Rxc4 19. Bc3 Rcc8 20. Rae1 Bd6
21. Rxe8+ Rxe8 22. Rxe8+ Nxe8 23. Ne5 Nc7 24. Nc6 Nb5 25. Bd2 a6 26. g3 Kf8 27.
Kf1 Be7 28. Ke2 Bf6 29. Kd3 Ke8 30. Be3 Be7 31. Bf4 Bd6 32. Bxd6 Nxd6 33. Nb4
Ne4 34. f3 Nf6 35. Nxa6 Kd7 36. a4 Kc6 37. Kc3 Kb7 38. Nb4 h6 39. Nd3 Nd7 40.
Ne5 Nxe5 41. dxe5 Kc6 42. b4 g6 43. Kd4 h5 44. b5+ Kd7 45. Kxd5 Kc7 46. h3 Kd7
47. g4 hxg4 48. hxg4 g5 49. Kd4 Ke6 50. Ke4 f6 51. exf6 Kxf6 52. Kd5 Ke7 53.
Kc6 Kd8 54. Kxb6 Kc8 55. Kc6 Kb8 56. b6 Kc8 57. b7+ Kb8 58. a5 Ka7 59. Kc7 Ka6
60. b8=Q Kxa5 61. Qb3 Ka6 62. Qb6# 1-0

[Event "DVM U12 2019"]
[Site "Magdeburg GER"]
[Date "2019.12.29"]
[Round "6"]
[White "Ilhan, Kiwan Noah"]
[Black "Braun, Justus"]
[Result "1/2-1/2"]
[Termination "normal"]
[Board "9.4"]
[WhiteElo "912"]
[BlackElo "1260"]
[WhiteTeam "Schachklub Kerpen 64 e. V."]
[BlackTeam "SF Neureut 1953 e.V."]
[PlyCount "73"]
[WhiteFideId "16298110"]
[BlackFideId "16239954"]
[EventCountry "GER"]
[EventRounds "7"]
[EventType "team-swiss"]
[EventDate "2019.12.26"]

1. e4 e6 2. d4 d5 3. Nc3 Nf6 4. e5 Nfd7 5. Be3 c5 6. Bb5 Nc6 7. dxc5 Ndxe5 8.
Nf3 Nd7 9. O-O Bxc5 10. Bxc5 Nxc5 11. Ne5 Qd6 12. Qh5 O-O 13. Bxc6 bxc6 14.
Rad1 Nd7 15. Rfe1 Nxe5 16. Qxe5 Qxe5 17. Rxe5 Rb8 18. b3 f6 19. Re2 e5 20. Na4
e4 21. Rd4 Ba6 22. Re3 Bb5 23. Nc5 Rfe8 24. Nd7 Rbd8 25. Nc5 Rb8 26. Nd7 c5 27.
Nxc5 Rbc8 28. Rc3 Rc6 29. Rxd5 Rec8 30. a4 Bc4 31. Rxc4 a5 32. h3 g6 33. Nxe4
Rxc4 34. bxc4 Rxc4 35. Nxf6+ Kg7 36. Ne8+ Kf8 37. Nd6 1/2-1/2

[Event "DVM U12 2019"]
[Site "Magdeburg GER"]
[Date "2019.12.29"]
[Round "6"]
[White "Hoffmann, Kay"]
[Black "Isbilir, Levin"]
[Result "1-0"]
[Termination "normal"]
[Board "10.1"]
[WhiteElo "1621"]
[BlackElo "1175"]
[WhiteTeam "Barnimer Schachfreunde im SV Stahl Finow e.V."]
[BlackTeam "SC Erlangen 48/88"]
[PlyCount "73"]
[WhiteFideId "16227000"]
[BlackFideId "16267192"]
[EventCountry "GER"]
[EventRounds "7"]
[EventType "team-swiss"]
[EventDate "2019.12.26"]

1. e4 c5 2. Nc3 d6 3. g3 g6 4. Bg2 Bg7 5. Nge2 Nc6 6. O-O Nf6 7. d3 O-O 8. h3
Bd7 9. Be3 Qa5 10. Qd2 b5 11. Bh6 e6 12. Bxg7 Kxg7 13. f4 d5 14. f5 d4 15. Nb1
Qxd2 16. Nxd2 e5 17. Nc1 Nb4 18. Ncb3 Nxc2 19. Rac1 Ne3 20. Rfe1 Nh5 21. Nxc5
Be8 22. fxg6 hxg6 23. Kh2 Rh8 24. Nf3 f6 25. Ne6+ Kg8 26. Nh4 Bf7 27. Nc7 Rb8
28. Rc6 Nf4 29. gxf4 Rxh4 30. fxe5 fxe5 31. Ra6 Rb7 32. Rc1 Rf4 33. Kg1 Nc4 34.
Nd5 Bxd5 35. exd5 Nxb2 36. d6 Rd7 37. Rc7 1-0

[Event "DVM U12 2019"]
[Site "Magdeburg GER"]
[Date "2019.12.29"]
[Round "6"]
[White "Wedekind, Ferdinand"]
[Black "Beyer, Lorenz"]
[Result "0-1"]
[Termination "normal"]
[Board "10.2"]
[WhiteElo "1215"]
[BlackElo "1274"]
[WhiteTeam "SC Erlangen 48/88"]
[BlackTeam "Barnimer Schachfreunde im SV Stahl Finow e.V."]
[PlyCount "80"]
[WhiteFideId "16298179"]
[BlackFideId "16245393"]
[EventCountry "GER"]
[EventRounds "7"]
[EventType "team-swiss"]
[EventDate "2019.12.26"]

1. e4 e6 2. d4 d5 3. exd5 exd5 4. Nf3 Bd6 5. Bd3 Ne7 6. O-O O-O 7. Nc3 c6 8.
Re1 Qb6 9. Rb1 Na6 10. Bd2 Nb4 11. a3 Nxd3 12. cxd3 Bf5 13. Qe2 Rfe8 14. b4 Ng6
15. Qf1 Nf4 16. Bxf4 Bxf4 17. Rxe8+ Rxe8 18. Re1 Rxe1 19. Qxe1 Kf8 20. Qe2 Qa6
21. Qb2 Qxd3 22. a4 Be4 23. Qa1 Bxf3 24. gxf3 Qxd4 25. Qa3 Bd2 26. Ne2 Qxb4 27.
Qa2 Bg5 28. Ng3 g6 29. Qa1 Kg8 30. Qd1 Qc4 31. Ne2 Bh6 32. Kg2 Bg7 33. Kf1 d4
34. Kg1 c5 35. Nc1 Bh6 36. Ne2 d3 37. Ng3 Qc1 38. Qxc1 Bxc1 39. Kf1 f5 40. h3
c4 0-1

[Event "DVM U12 2019"]
[Site "Magdeburg GER"]
[Date "2019.12.29"]
[Round "6"]
[White "Dominick, Maximilian"]
[Black "Frech, Luis"]
[Result "0-1"]
[Termination "normal"]
[Board "10.3"]
[WhiteElo "1120"]
[BlackElo "1175"]
[WhiteTeam "Barnimer Schachfreunde im SV Stahl Finow e.V."]
[BlackTeam "SC Erlangen 48/88"]
[PlyCount "77"]
[WhiteFideId "16296486"]
[BlackFideId "16298187"]
[EventCountry "GER"]
[EventRounds "7"]
[EventType "team-swiss"]
[EventDate "2019.12.26"]

1. d4 d5 2. Bf4 Bf5 3. e3 e6 4. Bd3 Bxd3 5. Qxd3 Nc6 6. Nf3 Bb4+ 7. Nbd2 Nf6 8.
O-O Bd6 9. Bxd6 Qxd6 10. e4 Nxe4 11. Nxe4 dxe4 12. Qxe4 O-O-O 13. Rfd1 Qd5 14.
Qxd5 exd5 15. a4 Rhg8 16. Rab1 a5 17. c3 b6 18. b4 g5 19. bxa5 bxa5 20. Rb5 f6
21. Rc5 g4 22. Nh4 Rd6 23. Nf5 Re6 24. Rxd5 Rge8 25. Kf1 Re4 26. Ng3 R4e6 27.
Rc5 R6e7 28. d5 Ne5 29. d6 Re6 30. dxc7 Nd3 31. Kg1 Nxc5 32. Rb1 Re1+ 33. Rxe1
Rxe1+ 34. Nf1 Kxc7 35. g3 Nxa4 36. Kg2 Nxc3 37. Nd2 a4 38. Nc4 Ra1 39. Nd2 0-1

[Event "DVM U12 2019"]
[Site "Magdeburg GER"]
[Date "2019.12.29"]
[Round "6"]
[White "Bajaj, Pranit"]
[Black "Menne, Lukas"]
[Result "0-1"]
[Termination "normal"]
[Board "10.4"]
[WhiteElo "935"]
[BlackElo "1054"]
[WhiteTeam "SC Erlangen 48/88"]
[BlackTeam "Barnimer Schachfreunde im SV Stahl Finow e.V."]
[PlyCount "146"]
[WhiteFideId "16298195"]
[BlackFideId "16288467"]
[EventCountry "GER"]
[EventRounds "7"]
[EventType "team-swiss"]
[EventDate "2019.12.26"]

1. e4 e5 2. Nf3 Nc6 3. Nc3 Bc5 4. Bc4 d6 5. h3 Nf6 6. O-O Nd4 7. Nxd4 Bxd4 8.
d3 Be6 9. Bxe6 fxe6 10. Bd2 d5 11. exd5 exd5 12. Rb1 Qd7 13. b3 O-O-O 14. Na4
h6 15. c3 Bb6 16. Nxb6+ axb6 17. c4 d4 18. b4 g5 19. f3 h5 20. Bxg5 Qg7 21. Bh4
Rhg8 22. Rf2 Rdf8 23. Bxf6 Rxf6 24. Rb3 Rg6 25. Rbb2 Qh6 26. c5 b5 27. Rfe2 c6
28. Rbc2 Qg7 29. Rf2 h4 30. Rb2 Qh6 31. Qe1 Rg3 32. Kh2 Qf4 33. Kh1 Qe3 34. Qd1
Kc7 35. Rbe2 Qf4 36. Re4 Qg5 37. Ree2 b6 38. cxb6+ Kxb6 39. Qc2 Qe7 40. a3 R3g5
41. f4 Rf5 42. fxe5 Rxf2 43. Rxf2 Qxe5 44. Re2 Qd5 45. Rf2 Qd6 46. Qd2 Re8 47.
Rf1 Qd5 48. Rf2 Qb3 49. Rf4 Qxa3 50. Rxd4 Qa1+ 51. Kh2 Qxd4 52. Qd1 Rd8 53. Qc1
Qxb4 54. Qg1+ Rd4 55. Qf1 Qd6+ 56. Kh1 Rxd3 57. Qg1+ Rd4 58. Qh2 Qxh2+ 59. Kxh2
b4 60. g3 hxg3+ 61. Kxg3 b3 62. h4 Rxh4 63. Kxh4 b2 64. Kg4 b1=R 65. Kf4 Re1
66. Kf3 c5 67. Kf2 Re8 68. Kf3 c4 69. Kf2 c3 70. Kf3 c2 71. Kg4 Rf8 72. Kh4 Rg8
73. Kh5 c1=R 0-1